|
|
|
|
| LEADER |
00000nas a2200000 i 4500 |
| 001 |
ssj0001669563 |
| 003 |
WaSeSS |
| 005 |
20200512172242.0 |
| 006 |
m d |
| 007 |
cr n |
| 008 |
160511c20159999enkar pos 0 a0eng c |
| 010 |
|
|
|a 2016268520
|
| 015 |
|
|
|a GBB683244
|2 bnb
|
| 016 |
7 |
|
|a 016469393
|2 Uk
|
| 022 |
|
|
|a 2053-4701
|l 2053-4701
|
| 035 |
|
|
|a (WaSeSS)ssj0001669563
|
| 040 |
|
|
|a SERSO
|b eng
|c SERSO
|d AU@
|d FGM
|d NGU
|d OCLCF
|d COO
|d OCL
|d DLC
|d OCL
|d NLE
|d UKMGB
|d VT2
|d UAB
|d U3W
|d WaSeSS
|
| 042 |
|
|
|a pcc
|
| 050 |
0 |
0 |
|a NK1160
|
| 210 |
1 |
|
|a Des. sci
|
| 222 |
|
0 |
|a Design Science
|
| 245 |
0 |
0 |
|a Design science
|h [electronic resource].
|
| 260 |
|
|
|a Cambridge, England :
|b Cambridge University Press,
|c 2015-
|
| 310 |
|
|
|a Annual
|
| 362 |
1 |
|
|a Began with Volume 1 (2015).
|
| 500 |
|
|
|a "An international journal".
|
| 506 |
|
|
|a License restrictions may limit access.
|
| 515 |
|
|
|a Articles published continuously and compiled into annual volumes.
|
| 588 |
|
|
|a Description based on Volume 1 (2015); title from journal table of contents page (publisher's website, viewed May 11, 2016).
|
| 588 |
|
|
|a Latest issue consulted: Volume 3 (2017) (Cambridge Core, viewed September 8, 2017).
|
| 650 |
|
0 |
|a Design
|x Research
|v Periodicals.
|
| 650 |
|
0 |
|a Engineering design
|v Periodicals.
|
| 650 |
|
7 |
|a Engineering design.
|2 fast
|0 (OCoLC)fst00910453
|
| 650 |
|
7 |
|a Design
|x Research.
|2 fast
|0 (OCoLC)fst00891290
|
| 655 |
|
0 |
|a Electronic journals.
|
| 850 |
|
|
|a DLC
|
| 856 |
4 |
0 |
|z Full text available from Research Library: 01/01/2017 to 12/31/2017
|u https://search.proquest.com/publication/2046289
|
| 856 |
4 |
0 |
|z Full text available from Research Library: 01/01/2019 to present
|u https://search.proquest.com/publication/2046289
|